LEGO DC Comics Super Heroes: Bat-Family Members by Picture - Statistics

General Stats
  • This quiz has been taken 208 times
  • The average score is 15 of 17
Answer Stats
Picture Answer % Correct
Alfred Pennyworth
100%
Batgirl/Barbara Gordon
99%
Batman/Bruce Wayne
99%
Catwoman/Selina Kyle
98%
Harley Quinn/Harleen Quinzel
98%
Robin/Damian Wayne
98%
Batwoman/Kate Kane
96%
Nightwing/Dick Grayson
96%
Red Hood/Jason Todd
96%
Robin/Tim Drake
96%
Commissioner Gordon
95%
Huntress/Helena Wayne
77%
Ace the Bathound
76%
Bat-Mite
73%
Batman of Zur-En-Arrh/Tlano
63%
Talia Al Ghul
63%
Batzarro
54%
No matching quizzes found
Score Distribution
Percent of People with Each Score
Percentile by Number Answered
Your Score History
You have not taken this quiz